000 00783cam a22002533a 4500
001 13010
003 PGUSA
005 20140828083300.0
008 040724s2004||||xxu|||||s|||||000 1 eng d
040 _aPGUSA
_beng
042 _adc
050 4 _aPR
100 1 _aMarryat, Frederick,
_d1792-1848
245 1 0 _aFrank Mildmay :
_bOr, The Naval Officer
_h[electronic resource] /
_cFrederick Marryat
260 _bProject Gutenberg,
_c2004
506 _aPublic domain in the USA.
516 _aElectronic text
653 _aGreat Britain -- History, Naval -- 19th century -- Fiction
653 _aGreat Britain. Royal Navy -- Officers -- Fiction
653 _aSea stories
830 0 _aProject Gutenberg
_v13010
856 4 0 _uhttp://www.gutenberg.org/ebooks/13010
942 _cEB
999 _c242265
_d242265